2026 FIFA World Cup Team by a Clue - Statistics

General Stats
  • This quiz has been taken 48 times
    22 since last reset
  • The average score is 22 of 48
Answer Stats
Clue Team % Correct
Hosted the 2022 FIFA World Cup Qatar
100%
Its team's nickname is "The Three Lions" England
82%
Invented bullet trains and capsule hotels Japan
82%
Has a maple leaf on its flag Canada
76%
Nationalised the Suez Canal in 1956 Egypt
76%
World's largest coffee bean producer Brazil
71%
Claims the entire Western Sahara Morocco
71%
Its lakes are called "loch" Scotland
71%
Is eating Gambia if you see from space Senegal
71%
Is doubly-landlocked Uzbekistan
71%
Formerly known as Zaire D.R. Congo
65%
The text "Allahu Akbar" appears on its flag Iraq
65%
Where Mossad caught Adolf Eichmann Argentina
59%
One of the ABC islands Curaçao
59%
Filming setting of the Lord of the Rings New Zealand
59%
Famous for its private banking system Switzerland
59%
Carthaginians had their base here Tunisia
59%
Apple strudel has its origins here Austria
53%
Where "The Line" is being built Saudi Arabia
53%
Where Pope Leo XIV was born United States
53%
History's only successful slave revolt Haiti
47%
The Ayatollah is its Supreme Leader Iran
47%
Guaraní is one of its official languages Paraguay
47%
Sits mostly on Asia Minor Turkey
47%
Portuguese for "green" is in its name Cape Verde
41%
The Scream painter's country Norway
41%
Has a 20 km (12,4 m) coastline Bosnia and Herzegovina
35%
Ustaše ruled it during the WWII Croatia
35%
Pilsner Urquell Brewery's country Czech Republic
35%
Awards the Legion of Honor France
35%
Kofi Annan's country Ghana
35%
The Hashemites rule it Jordan
35%
The Rainbow Nation South Africa
35%
Had martial law in 2024 for 6 hours South Korea
35%
Where the AFL teams play Australia
29%
Main trading floor for the diamond industry Belgium
29%
Where either CDU or SDP often rule Germany
29%
Has world's oldest airline still in operation Netherlands
29%
1930s Nationalists vs. Republicans Spain
29%
Where the Panama hat actually is from Ecuador
24%
Produces the most cocoa beans Ivory Coast
24%
Snus originated here Sweden
24%
Has 3.53 cows for each person Uruguay
24%
Constantine is its third-largest city Algeria
18%
"Supposed" host of the 1986 FIFA WC Colombia
18%
Elected its first Jewish leader in 2024 Mexico
18%
Kickstarted the Age of Discovery Portugal
18%
Is technically an isthmus Panama
6%
No matching quizzes found
Score Distribution
Percent of People with Each Score
Percentile by Number Answered
Your Score History
You have not taken this quiz since the last reset